000 00401nam a2200157Ia 4500
001 22259
008 140409s9999 xx 000 0 und d
040 _cPK-LaUMT
082 _a 297
_bSHA-K
100 _aShams Naveed Usmani
245 _aKiya ham musalman hein?
_cShams Naveed Usmani
260 _aLahore,Pakistan:
_bIdarah Mutbuaat Tulbah,
_c1998
300 _a184 p.
546 _aEN
942 _cBK
999 _c22537
_d22537